000
00296nam a22001337a 4500
008
180313b xxu||||| |||| 00| 0 eng d
020
_a
9780538890182
041
_a
eng
080
_a
338
100
_a
53
101
_a
MNG
245
_a
Small Business Management
_c
Palich, L.E
942
_2
udc
_c
BK
999
_c
44870
_d
44870